|
|
|
|
| LEADER |
00000nam0a2200000 4500 |
| 001 |
370446 |
| 005 |
20231102012300.0 |
| 035 |
|
|
|a (RuTPU)RU\TPU\retro\27855
|
| 090 |
|
|
|a 370446
|
| 100 |
|
|
|a 20220630d1978 km y0rusy50 ca
|
| 101 |
0 |
|
|a rus
|
| 102 |
|
|
|a RU
|
| 105 |
|
|
|a a z 001zy
|
| 200 |
1 |
|
|a Вопросы динамики следящего привода силовых гироскопических стабилизаторов
|f Центральный научно-исследовательский институт "РУМБ" ; сост. Е. А. Фабрикант, Л. Д. Журавлев
|
| 210 |
|
|
|a Ленинград
|c Изд-во ЦНИИ Румб
|d 1978
|
| 215 |
|
|
|a 125 с.
|c ил.
|
| 320 |
|
|
|a Библиогр.: с. 121-123
|
| 606 |
1 |
|
|a Электроприводы регулируемые
|2 stltpush
|3 (RuTPU)RU\TPU\subj\20724
|9 45808
|
| 610 |
1 |
|
|a гироскопические стабилизаторы
|
| 610 |
1 |
|
|a силовые устройства
|
| 610 |
1 |
|
|a следящие приводы
|
| 610 |
1 |
|
|a динамика
|
| 610 |
1 |
|
|a качество
|
| 610 |
1 |
|
|a сухое трение
|
| 610 |
1 |
|
|a редукторные приводы
|
| 610 |
1 |
|
|a гиростабилизаторы
|
| 675 |
|
|
|a 62-83-52
|v 4
|
| 702 |
|
1 |
|a Фабрикант
|b Е. А.
|4 220
|
| 702 |
|
1 |
|a Журавлев
|b Л. Д.
|4 220
|
| 712 |
0 |
2 |
|a Центральный научно-исследовательский институт "РУМБ"
|2 stltpush
|3 (RuTPU)RU\TPU\col\11283
|9 25018
|
| 801 |
|
1 |
|a RU
|b 63413507
|c 20220630
|
| 801 |
|
2 |
|a RU
|b 63413507
|c 20220630
|g RCR
|
| 942 |
|
|
|c BK
|